Eastern Utah Libraries Catalog: Duchesne, Heber, Roosevelt, & Vernal

Escape from Germany / (Record no. 399889)

MARC details
000 -LEADER
fixed length control field 03313ngm a2200685 i 4500
001 - CONTROL NUMBER
control field on1451461551
003 - CONTROL NUMBER IDENTIFIER
control field OCoLC
005 - DATE AND TIME OF LATEST TRANSACTION
control field 20241216125505.0
007 - PHYSICAL DESCRIPTION FIXED FIELD--GENERAL INFORMATION
fixed length control field vd cvaizu
008 - FIXED-LENGTH DATA ELEMENTS--GENERAL INFORMATION
fixed length control field 240807s2024 utu097 vleng d
024 1# - OTHER STANDARD IDENTIFIER
Standard number or code 783027020496
028 42 - PUBLISHER NUMBER
Publisher number 6073202
Source German Film
035 ## - SYSTEM CONTROL NUMBER
System control number (OCoLC)1451461551
040 ## - CATALOGING SOURCE
Original cataloging agency UPZ
Language of cataloging eng
Description conventions rda
Transcribing agency UPZ
Modifying agency OCLCO
041 0# - LANGUAGE CODE
Language code of text/sound track or separate title eng
Language code of original and/or intermediate translations of text eng
049 ## - LOCAL HOLDINGS (OCLC)
Holding library UCLB
082 04 - DEWEY DECIMAL CLASSIFICATION NUMBER
Classification number 791.4372
Edition number 23
092 ## - LOCALLY ASSIGNED DEWEY CALL NUMBER (OCLC)
Classification number Movie
Item number Escape from Germany
245 00 - TITLE STATEMENT
Title Escape from Germany /
Statement of responsibility, etc Remember Films presents ; producers, T.C. Christensen, Terry Bohle Montague ; writer and director, T.C. Christensen.
250 ## - EDITION STATEMENT
Edition statement Widescreen.
264 #1 - Production, Publication, Distribution, Manufacture, and Copyright Notice.
Place of production, publication, distribution, manufacture [Farmington, Utah] :
Name of producer, publisher, distributor, manufacturer German Film LLC,
Date of production, publication, distribution, manufacture, or copyr [2024]
264 #2 - Production, Publication, Distribution, Manufacture, and Copyright Notice.
Place of production, publication, distribution, manufacture [Salt Lake City, Utah] :
Name of producer, publisher, distributor, manufacturer Excel Entertainment Group,
Date of production, publication, distribution, manufacture, or copyr [2024]
300 ## - PHYSICAL DESCRIPTION
Extent 1 videodisc ( 1 hr., 37 min.) :
Other physical details sound, color ;
Dimensions 4 3/4 in.
336 ## - Content Type
Content type term two-dimensional moving image
337 ## - Media type
Media type term video
338 ## - Carrier type
Carrier type term videodisc
340 ## - PHYSICAL MEDIUM
Dimensions 4 3/4 in.
500 ## - GENERAL NOTE
General note Title from container.
500 ## - GENERAL NOTE
General note Based on Mine Angels Round About by Terry Bohle Montague.
500 ## - GENERAL NOTE
General note Includes bonus material.
508 ## - CREATION/PRODUCTION CREDITS NOTE
Creation/production credits note Cinematography by T.C. Christensen ; edited by Tanner Christensen ; music themes, Marshall McDonald, Steven Sharp Nelson.
511 1# - PARTICIPANT OR PERFORMER NOTE
Participant or performer note Paul Wuthrich, David Shawn McConnell, Landon Henneman, Whitney Palmer, Henning Fischer.
520 ## - SUMMARY, ETC.
Summary, etc 1939, Hitler's army was closing borders, and eighty-five American missionaries were in Germany serving their church. The escape of these missionaries from Nazi Germany is one of the most dramatic events to occur in modern church history.
538 ## - SYSTEM DETAILS NOTE
System details note DVD, all regions, widescreen (16:9) presentation.
546 ## - LANGUAGE NOTE
Language note In English with optional English and Spanish subtitle.
650 #0 - SUBJECT ADDED ENTRY--TOPICAL TERM
Topical term or geographic name as entry element Latter Day Saint missionaries
Geographic subdivision Germany (West)
Form subdivision Drama.
9 (RLIN) 6492888
650 #0 - SUBJECT ADDED ENTRY--TOPICAL TERM
Topical term or geographic name as entry element Latter Day Saint missionaries
Form subdivision Drama.
9 (RLIN) 6492889
650 #0 - SUBJECT ADDED ENTRY--TOPICAL TERM
Topical term or geographic name as entry element World War, 1939-1945
General subdivision Evacuation of civilians
Form subdivision Drama.
9 (RLIN) 6492890
650 #0 - SUBJECT ADDED ENTRY--TOPICAL TERM
Topical term or geographic name as entry element World War, 1939-1945
Form subdivision Drama.
9 (RLIN) 5675021
655 #7 - INDEX TERM--GENRE/FORM
Genre/form data or focus term War films.
Source of term lcgft
655 #7 - INDEX TERM--GENRE/FORM
Genre/form data or focus term Feature films.
Source of term lcgft
655 #7 - INDEX TERM--GENRE/FORM
Genre/form data or focus term Video recordings for the hearing impaired.
Source of term lcgft
655 #7 - INDEX TERM--GENRE/FORM
Genre/form data or focus term Vid�eos pour personnes handicap�ees auditives.
Source of term rvmgf
9 (RLIN) 6443756
700 1# - ADDED ENTRY--PERSONAL NAME
Personal name Christensen, T. C.,
Relator term film director,
-- film producer,
-- screenwriter,
-- director of photography.
9 (RLIN) 65868
700 1# - ADDED ENTRY--PERSONAL NAME
Personal name Montague, Terry,
Relator term film producer.
9 (RLIN) 39260
700 1# - ADDED ENTRY--PERSONAL NAME
Personal name Wuthrich, Paul,
Relator term actor.
9 (RLIN) 6429297
700 1# - ADDED ENTRY--PERSONAL NAME
Personal name McConnell, David Shawn,
Dates associated with a name 1970-
Relator term actor.
9 (RLIN) 6492891
700 1# - ADDED ENTRY--PERSONAL NAME
Personal name Henneman, Landon,
Relator term actor.
9 (RLIN) 5714999
700 1# - ADDED ENTRY--PERSONAL NAME
Personal name Palmer, Whitney,
Relator term actor.
9 (RLIN) 6492892
700 1# - ADDED ENTRY--PERSONAL NAME
Personal name Fischer, Henning
Titles and other words associated with a name (Actor),
Relator term actor.
9 (RLIN) 6492893
700 1# - ADDED ENTRY--PERSONAL NAME
Personal name Christensen, Tanner,
Relator term editor of moving image work.
9 (RLIN) 5953293
700 1# - ADDED ENTRY--PERSONAL NAME
Personal name McDonald, Marshall,
Relator term composer (expression)
9 (RLIN) 77285
700 1# - ADDED ENTRY--PERSONAL NAME
Personal name Nelson, Steven Sharp,
Relator term composer (expression)
9 (RLIN) 5882953
700 1# - ADDED ENTRY--PERSONAL NAME
Personal name Montague, Terry.
Title of a work Mine Angels Round About.
9 (RLIN) 6492894
710 2# - ADDED ENTRY--CORPORATE NAME
Corporate name or jurisdiction name as entry element Remember Films,
Relator term production company.
9 (RLIN) 6492895
710 2# - ADDED ENTRY--CORPORATE NAME
Corporate name or jurisdiction name as entry element German Films (Firm),
Relator term publisher.
9 (RLIN) 6492896
710 2# - ADDED ENTRY--CORPORATE NAME
Corporate name or jurisdiction name as entry element Excel Entertainment Group,
Relator term distributor.
9 (RLIN) 5673856
730 02 - ADDED ENTRY--UNIFORM TITLE
Uniform title Escape from Germany (Motion picture)
9 (RLIN) 6492897
942 ## - ADDED ENTRY ELEMENTS (KOHA)
Source of classification or shelving scheme Dewey Decimal Classification
Koha item type Blu-ray
Holdings
Withdrawn status Lost status Source of classification or shelving scheme Materials specified (bound volume or other part) Damaged status Not for loan Collection code Home library Current library Shelving location Date acquired Source of acquisition Total Checkouts Total Renewals Full call number Barcode Checked out Date last seen Date checked out Cost, replacement price Price effective from Koha item type
    Dewey Decimal Classification 2 discs     Movies Wasatch County Library Wasatch County Library Audio Visual Area 12/02/2024 Micromarketing 13 15 Movie Escape from Germany 34301002138230 03/29/2026 03/11/2026 03/11/2026 24.99 12/02/2024 Blu-ray/DVD
This project was made possible through a grant from the Institute of Museum and Library Service administered by the Utah State Library Division.

Wasatch County Library

  • 465 East 1200 South, Heber City, Utah 84032
  • Phone 435-654-1511 | Fax 435-654-6456

Hours

  • Monday - Friday 9:30 AM - 8:00 PM
  • Saturday 9:30 AM - 1:30 PM
  • Closed Sundays and Holidays